000 01466nam a2200397 i 4500
001 12960
003 KOSZ 005
005 20210310085253.0
008 140702s1966 pl f f 001 0 pol
040 _aWA N
_cKOSZ 005/HR
_dKOSZ 005/HR
041 1 _apol
_hrus
046 _k1966
080 _a51
080 _a(075.8)
100 1 _aSmirnov, Vladimir Ivanovič
_d(1887-1974).
_eAutor
245 1 0 _aMatematyka wyższa.
_nT. 3, cz. 1,
_pWyznaczniki i układy równań, przekształcenia liniowe, teoria grup /
_cW. I. Smirnow ; [tł. Juliusz Brzeziński, Kazimierz Wiśniewski].
246 1 _iTyt. oryg.:
_aKurs vysšej matematiki.
246 3 0 _iWyznaczniki i układy równań, przekształcenia liniowe, teoria grup
250 _aWyd. 2 nie zm.
260 _aWarszawa :
_bPaństwowe Wydawnictwo Naukowe,
_c1966.
300 _a323, [1] s. ;
_c25 cm.
380 _aKsiążki.
388 _a1901-
504 _aIndeks.
650 4 _aWyznaczniki.
658 _aMatematyka
655 4 _aPodręczniki akademickie
650 4 _aAlgebra liniowa
650 4 _aTeoria grup
650 4 _aUkład równań liniowych
700 1 _aBrzeziński, Juliusz.
_eTłumaczenie
700 1 _aWiśniewski, Kazimierz.
_eTłumaczenie
710 2 _aPaństwowe Wydawnictwo Naukowe
_4pbl.
856 _uhttp://koha.tu.koszalin.pl/cgi-bin/koha/opac-detail.pl?biblionumber=12960
_yKatalog online BPK
942 _2UKD
_cKS
999 _c12960
_d12960